| 000 | 01197nac a22003857a 4500 | ||
|---|---|---|---|
| 001 | BR0405247 | ||
| 003 | BR-BrBNA | ||
| 005 | 20240105123047.0 | ||
| 008 | 230509b bl.|||m| |||| 00| 0 por d | ||
| 040 |
_aBR-BrBNA _bpor _cBiblioteca Nacional de Agricultura |
||
| 072 | _aH20 | ||
| 090 | _a9538 BR0405247 | ||
| 100 | 1 | _aLima, L.C. de | |
| 100 | 1 | _aPereira, J.C.R. | |
| 100 | 1 | _aSantos, A.F. dos | |
| 110 | 1 |
_aCentro Nacional de Pesquisa de Seringueira e Dendê, Manaus, AM (Brasil) _91799 |
|
| 245 | 1 | _aEfeito do óleo de dendê na indução do mofo-cinzento do painel de sangria da seringueira | |
| 260 | 3 |
_aManaus, AM (Brasil): _c1987. |
|
| 300 | _a4 p. | ||
| 490 |
_aPesquisa em Andamento - Centro Nacional de Pesquisa de Seringueira e Dendê (Brazil) _vno. 50 _xISSN 0101-2118 |
||
| 650 | _aDENDÊ | ||
| 650 | _aÓLEO | ||
| 650 | _aETEFON | ||
| 650 | _aFORMULAÇÃO | ||
| 650 | _aCORTE | ||
| 650 | _aCASCA | ||
| 650 | _aMÉTODO DE APLICAÇÃO | ||
| 650 | _aSERINGUEIRA | ||
| 650 | _aLÁTEX | ||
| 650 | _aMOFO CINZENTO | ||
| 650 | _aDOENÇA DE PLANTA | ||
| 650 | _aCONTROLE QUÍMICO | ||
| 909 |
_a202312 _bLúcia Elande _c55 _dLúcia Elande |
||
| 942 |
_2AGRIS _n0 _cMS |
||
| 999 |
_c293826 _d293826 |
||